| 000 | 00761nac a22002291u 4500 | ||
|---|---|---|---|
| 010 | _a 96086291 | ||
| 020 | _a0412625105 | ||
| 082 |
_a621.381 _bWIL. |
||
| 090 |
_c5397 _d5397 |
||
| 100 | _aWillander, M.[ed.] | ||
| 245 | 0 | 0 |
_aHigh temperature electronics / _cM. Willander, H.L. Hartnagel, editors. |
| 260 |
_aNew York : _bChapman & Hall,c.1997. _cc.1997. |
||
| 300 |
_ap. _ccm. |
||
| 440 | 0 |
_aElectronic materials series ; _v2 |
|
| 500 | _aDistributer : Al Ahram. | ||
| 511 | _aCatalogued By : Mahitab. | ||
| 650 | _aElectronic apparatus and appliances--Thermal properties. | ||
| 650 | _aElectronic packaging. | ||
| 650 | _aHeat resistant materials. | ||
| 700 | _aHartnagel, H.L. | ||
| 942 |
_cBB _k621.381WIL. |
||
| 999 |
_c5397 _d5397 |
||